| 000 | nam a22 a 4500 | ||
|---|---|---|---|
| 999 |
_c440781 _d440781 |
||
| 003 | BLK | ||
| 005 | 20221105104610.0 | ||
| 008 | 211220b bul|||||r ||||||| ||bul|| | ||
| 020 | _a9786197632002 | ||
| 040 | _aBLK | ||
| 041 |
_aBUL _cBUL |
||
| 080 |
_aБългарска литература _b821.163.2 _x-93-34 _z821.163.2-93-34 |
||
| 100 |
_91299 _aАлександрова, Петя _eпърви автор |
||
| 139 |
_aАлександрова, Петя _bА 51 |
||
| 245 | 1 | 0 |
_aПрозорче _cнаписа Петя Александрова ; нарисува Иван Димов |
| 257 | _aBGR | ||
| 260 |
_aСофия _bИна _c2020 _f(София : Пулсио принт) _9216067 _n978-954-9328- |
||
| 300 |
_a94 с. _bс цв. ил. _c24 см |
||
| 380 | _aDX | ||
| 500 | _aПълното име на авт. е Петя Александрова Иванова-Кандиларова | ||
| 700 |
_aДимов, Иван Иванов _eхудож. _9382547 |
||
| 852 |
_bД _c821.163.2-93/А 51 П |
||
| 852 |
_aЦб 311456 _bЦб |
||
| 942 |
_cKNG _n0 _s1 _04 |
||
| 944 |
_aCR _c2021-12-20 _kГГГ |
||
| 944 |
_aED _c2022-03-14 _kСТ |
||
| 999 | _d440781 | ||